| 000 | 00971nam a22002297a 4500 | ||
|---|---|---|---|
| 003 | OSt | ||
| 005 | 20250912171714.0 | ||
| 008 | 240208b ||||| |||| 00| 0 eng d | ||
| 040 | _c0 | ||
| 082 | _aDPer 621.381 In821 April 2022 v. 37 n. 4 | ||
| 100 |
_aShen, Zhan. _eauthor. _952123 |
||
| 245 |
_aEMI filter robustness in three-level active neutral-point-clamped inverter / _cZhan Shen, Mengxing Chen, Huai Wang, Xiongfei Wang, and Frede Blaabjerg. |
||
| 260 |
_aNew York ; _bThe Institute of Electrical and Electronics Engineers, Inc. , _cApril 2022. |
||
| 300 |
_aVolume 37, pages 4641-4657 : _billustration ; _c28 cm. |
||
| 500 | _aIEEE Transaction on Power Electronics, vol. 37, no. 4, pages 4641-4657, April 2022. | ||
| 700 |
_aShen, Zhan. _eauthor. _952123 |
||
| 700 |
_aChen, Mengxing. _eauthor. _952124 |
||
| 700 |
_aWang, Huai. _eauthor. _952125 |
||
| 700 |
_aWang, Xiongfei. _eauthor. _952126 |
||
| 700 |
_aBlaabjerg, Frede. _eauthor. _952127 |
||
| 942 |
_2ddc _cPER |
||
| 999 |
_c19064 _d19064 |
||